[Event "Veliko Gradiste Silver Lake op-B"]
[Site "Veliko Gradiste"]
[Date "2015.06.21"]
[Round "2"]
[White "Cvetanovic, Damjan"]
[Black "Stanojevic, Stanoje"]
[Result "1-0"]
[WhiteElo "1967"]
[BlackElo "1823"]
[PlyCount "97"]
[EventDate "2015.06.20"]
[EventType "swiss"]
[EventRounds "9"]
[EventCountry "SRB"]
[SourceTitle "CBM 167 Extra"]
[Source "ChessBase"]
[SourceDate "2015.09.14"]
[SourceVersion "1"]
[SourceVersionDate "2015.09.14"]
[SourceQuality "1"]

1. d4 Nf6 2. c4 e6 3. g3 d5 4. Nf3 b6 5. Bg2 Bb7 6. Ne5 Be7 7. Qa4+ c6 8. 0-0 0-0 9. Nc3 Nbd7 10. Nxd7 Nxd7 11. e4 dxc4 12. Qxc4 b5 13. Qe2 Nb6 14. e5 b4 15. Ne4 Nd5 16. Be3 a5 17. Rfd1 Ba6 18. Qg4 Kh8 19. Rac1 Bb5 20. Nc5 Bxc5 21. Rxc5 Qd7 22. Rdc1 Rac8 23. Qd1 h6 24. Qc2 a4 25. h4 Ra8 26. Bd2 b3 27. axb3 axb3 28. Qxb3 Rfb8 29. Bxd5 cxd5 30. Rc7 Qe8 31. Qf3 Bd7 32. Bc3 Rc8 33. Rb7 Kg8 34. Kg2 Ra4 35. Qe3 Bc6 36. Rb4 Raa8 37. g4 Qd8 38. Rh1 f6 39. g5 fxg5 40. hxg5 Qxg5+ 41. Qxg5 hxg5 42. Rh5 Rab8 43. Rxb8 Rxb8 44. Rxg5 Kf7 45. Rh5 Kg6 46. Rh1 Kf5 47. Kf3 Ra8 48. Rg1 g6 49. Bd2 1-0